Normal view
MARC view
Entry Personal Name
001 - CONTROL NUMBER
- control field: 49457
003 - CONTROL NUMBER IDENTIFIER
- control field: OSt
005 - DATE AND TIME OF LATEST TRANSACTION
- control field: 20260701145601.0
008 - FIXED-LENGTH DATA ELEMENTS
- fixed length control field: 260701|| aca||aabn | a|a d
040 ## - CATALOGING SOURCE
- Original cataloging agency: OSt
- Transcribing agency: OSt
100 ## - HEADING--PERSONAL NAME
- Personal name: Malacara-Hernandez, Daniel and Malacara-Hernandez, Zacarias
670 ## - SOURCE DATA FOUND
- Source citation: Work cat.: (OSt)36207: Malacara-Hernandez, Daniel and Malacara-Hernandez, Zacarias, Handbook of optical design